LIBRARY & INFORMATION CENTRE, KCAET, TAVANUR

ONLINE PUBLIC ACCESS CATALOGUE (OPAC)

Open - channel hydaulics (Record no. 15353)

MARC details
000 -LEADER
fixed length control field 00278nam a22001217a 4500
020 ## - INTERNATIONAL STANDARD BOOK NUMBER
ISBN 9780070859067
082 ## - DEWEY DECIMAL CLASSIFICATION NUMBER
Classification number 6217.23
Item number CHO/OP
100 ## - MAIN ENTRY--AUTHOR NAME
Personal name Chow, Ven Te
245 ## - TITLE STATEMENT
Title Open - channel hydaulics
260 ## - PUBLICATION, DISTRIBUTION, ETC. (IMPRINT)
Place of publication Singapore
Name of publisher McGraw Hill
Year of publication 1973
300 ## - PHYSICAL DESCRIPTION
Number of Pages 680
942 ## - ADDED ENTRY ELEMENTS (KOHA)
Koha item type Reference
Holdings
Withdrawn status Lost status Damaged status Collection code Home library Current library Shelving location Date acquired Cost, normal purchase price Full call number Accession Number Koha item type
      Reference KAUAET KAUAET Reference 17/03/2018 10421.00 6217.23 CHO/OP 25446 Reference
free website counter